00665nam a2200157 i 450000100060000000300090000600700030001500800410001810000370005924501730009626000490026930000220031885200310034099900170037195201190038870492ES-MaACLt|040727s1949 sp ||||1| spa d1 aGarcia Valdés, Rafael.918662710aDerecho Procesal b: respuestas a los 50 temas de Derecho Procesal para jueces comarcales, publicado el 14 de enero de 1949 / credactadas por Rafael García Valdés. aMadrid : bInstituto Editorial Reus, c1949. a439 p. ; c23 cm. aES-MaACLjB-1557 bR.28530 c70492d70492 00104070aATENEOMbATENEOMcSPBd2008-01-17eSCl0oB-1557p1073814r2023-02-23 00:00:00w2023-02-23yMONOGRAFIA